000 01051nam a2200265Ia 4500
003 OSt
005 20220923211245.0
006 a|||||r|||| 00| 0
007 ta
008 220922b |||||||| |||| 00| 0 hin d
020 _a9788178440538 (hbk)
_c550
024 _a239,054
037 _b455, 21/03/2009, Vani Prakashan
_cTextual
040 _aARTS
_cARTS
_bhin
041 _2hin
_ahin
082 _aO152,1:g(W94), P7
100 _aभुल्लर, हरिसिमरन कौर
245 0 _aहिन्दी काव्य और गीतों में राष्ट्रप्रेम
246 _aHindī kāvya aur gītoan mean rāṣhṭraprema
260 _aनई दिल्ली
_b के. के. पब्लिकेशन्स
_c2007
300 _a248पृ.
_ccm.
650 _aहिन्दी साहित्य
_9156264
942 _hO152,1:g(W94), P7
_cTEXL
_2CC
999 _c297778
_d297778